Normal view
MARC view
- Project management
Entry Topical Term
001 - CONTROL NUMBER
- control field: 106464
003 - CONTROL NUMBER IDENTIFIER
- control field: NUST
005 - DATE AND TIME OF LATEST TRANSACTION
- control field: 20221230093319.0
008 - FIXED-LENGTH DATA ELEMENTS
- fixed length control field: 221230|| aca||aabn | a|a d
040 ## - CATALOGING SOURCE
- Original cataloging agency: NUST
- Transcribing agency: NUST
150 ## - HEADING--TOPICAL TERM
- Topical term or geographic name entry element: Project management
- Geographic subdivision: India
670 ## - SOURCE DATA FOUND
- Source citation: Work cat.: (NUST)0: Sivathanu Pillai, A., author. 106460, The path unexplored /
